[Event "Hastings Masters 2025-26"]
[Site "Hastings ENG"]
[Date "2025.12.31"]
[Round "6.17"]
[White "Herzwurm, Robert"]
[Black "Manmay Chopra"]
[Result "1/2-1/2"]
[BlackTitle "CM"]
[WhiteElo "2047"]
[BlackElo "2170"]
[WhiteFideId "4668570"]
[BlackFideId "25649191"]
[EventDate "2025.12.28"]

1. e4 e6 2. d4 d5 3. e5 c5 4. c3 Nc6 5. Nf3 Nge7 6. Na3 Bd7 7. Nc2 Qa5 8. Bd2
Qb6 9. Bd3 cxd4 10. cxd4 Nf5 11. O-O Be7 12. g4 Nh6 13. h3 Nb4 14. Nxb4 Bxb4 15.
a4 Qa5 16. Be3 Ng8 17. Qe2 Ne7 18. Rfc1 a6 19. h4 Nc6 20. h5 h6 21. g5 O-O-O 22.
gxh6 gxh6 23. Nd2 Rdg8+ 24. Kf1 Qd8 25. Bxa6 bxa6 26. Qxa6+ Kc7 27. Qa7+ Kc8 28.
Qa8+ Kc7 1/2-1/2

[Event "Hastings Masters 2025-26"]
[Site "Hastings ENG"]
[Date "2025.12.31"]
[Round "6.19"]
[White "Verbin, Valentina"]
[Black "Liu, Yiyi"]
[Result "0-1"]
[WhiteTitle "WFM"]
[WhiteElo "2122"]
[BlackElo "1791"]
[WhiteFideId "13905910"]
[BlackFideId "8617171"]
[EventDate "2025.12.28"]

1. e4 e6 2. d4 d5 3. Nc3 dxe4 4. Nxe4 Be7 5. Nf3 Nf6 6. Nxf6+ Bxf6 7. c3 b6 8.
Bb5+ Bd7 9. Bd3 Bc6 10. Qe2 Qd6 11. O-O O-O 12. Ne5 Bxe5 13. dxe5 Qd5 14. f3 Nd7
15. Bf4 Qc5+ 16. Kh1 Rfd8 17. b4 Qe7 18. Qe3 Nf8 19. Rad1 h6 20. Bg3 Rd7 21. b5
Bb7 22. Rd2 a6 23. a4 axb5 24. axb5 Qg5 25. Bf4 Qd8 26. Rfd1 Ra3 27. h3 Qe7 28.
Kh2 Bd5 29. Bc2 Bb3 30. Bxb3 Rxb3 31. Rxd7 Nxd7 32. Qd3 Nc5 33. Qd8+ Qxd8 34.
Rxd8+ Kh7 35. Rc8 Nd3 36. Be3 Rxb5 37. Rxc7 Nxe5 38. f4 Nd3 39. Rxf7 Kg6 40. Re7
Kf6 41. Rb7 Kf5 42. Rxg7 Ke4 43. Bd4 Nxf4 44. Rb7 Rb2 45. Rxb6 Rxg2+ 46. Kh1 Rg3
47. Bf2 Rxh3+ 48. Kg1 Rxc3 49. Bh4 h5 50. Bf6 Rc4 51. Kf2 Kf5 52. Bg7 Nd5 53.
Rb8 Rf4+ 54. Ke2 h4 55. Bh6 Ra4 56. Kf3 Ra3+ 57. Kg2 e5 58. Rf8+ Ke4 59. Kh2 Nf4
60. Bxf4 exf4 61. Re8+ Kd3 62. Kh3 f3 63. Re7 Ra4 64. Kh2 Re4 65. Ra7 Ke2 66.
Ra2+ Kf1 67. Ra1+ Re1 68. Ra4 f2 69. Ra2 Rc1 70. Ra4 Ke2 71. Ra2+ Ke3 72. Ra3+
Kd4 73. Ra4+ Kc5 74. Ra5+ Kb4 0-1

[Event "Hastings Masters 2025-26"]
[Site "Hastings ENG"]
[Date "2025.12.31"]
[Round "6.20"]
[White "Skytte, Rasmus"]
[Black "Dupuis, Denis K"]
[Result "1/2-1/2"]
[WhiteTitle "IM"]
[WhiteElo "2354"]
[BlackElo "2045"]
[WhiteFideId "1404210"]
[BlackFideId "452980"]
[EventDate "2025.12.28"]

1. d4 d5 2. c4 c6 3. cxd5 cxd5 4. Nc3 Nf6 5. Nf3 Nc6 6. Bf4 Qb6 7. a3 Bg4 8. Na4
Qd8 9. Ne5 Bd7 10. Nc5 e6 11. Rc1 Nxe5 12. Bxe5 Qa5+ 13. Qd2 Qxd2+ 14. Kxd2 Bxc5
15. dxc5 Ne4+ 16. Ke1 f6 17. Bg3 Rc8 18. b4 Ke7 19. e3 1/2-1/2

[Event "Hastings Masters 2025-26"]
[Site "Hastings ENG"]
[Date "2025.12.31"]
[Round "6.21"]
[White "Sivanandan, Bodhana"]
[Black "Byron, Alan M"]
[Result "1-0"]
[WhiteTitle "WIM"]
[WhiteElo "2229"]
[BlackElo "2022"]
[WhiteFideId "497592"]
[BlackFideId "401773"]
[EventDate "2025.12.28"]

1. e4 c6 2. d4 d5 3. Nd2 dxe4 4. Nxe4 Bf5 5. Ng3 Bg6 6. h4 h6 7. Nf3 Nd7 8. Bd3
Bxd3 9. Qxd3 Ngf6 10. c3 e6 11. Qe2 Be7 12. O-O O-O 13. Ne5 Re8 14. Re1 Bf8 15.
Qf3 c5 16. Qxb7 Nxe5 17. dxe5 Nd5 18. h5 c4 19. Qc6 Rc8 20. Qa4 Re7 21. Qc2 Rd7
22. Qe2 Kh8 23. Be3 Qc7 24. Qc2 Qb8 25. Rab1 Rb7 26. Bd4 Qc7 27. Ne4 Qd8 28. b3
Rbc7 29. Qd2 Kg8 30. Red1 Qh4 31. Nd6 Bxd6 32. exd6 Rd7 33. bxc4 Rxc4 34. Rb8+
Rd8 35. g3 1-0

[Event "Hastings Masters 2025-26"]
[Site "Hastings ENG"]
[Date "2025.12.31"]
[Round "6.22"]
[White "Vaddhireddy, Sai"]
[Black "Bryant, Harry"]
[Result "0-1"]
[BlackTitle "CM"]
[WhiteElo "1960"]
[BlackElo "2207"]
[WhiteFideId "499560"]
[BlackFideId "489158"]
[EventDate "2025.12.28"]

1. d4 Nf6 2. c4 g6 3. g3 Bg7 4. Bg2 O-O 5. Nc3 d6 6. Nf3 c5 7. dxc5 dxc5 8. Ne5
Qc7 9. Bf4 Rd8 10. Qb3 g5 11. Nxf7 gxf4 12. Nxd8 Qxd8 13. Bxb7 Bxb7 14. Qxb7
Nbd7 15. O-O fxg3 16. hxg3 Rb8 17. Qxa7 Qe8 18. Rad1 Ne5 19. Nd5 Nfd7 20. f4 Nc6
21. Qxd7 Qxd7 22. Nf6+ Bxf6 23. Rxd7 Rxb2 24. e3 Na5 25. Rf2 Rb1+ 26. Kg2 Nxc4
27. Kf3 Na3 28. Ra7 Nb5 29. Ra8+ Kf7 30. Rc2 Nc7 31. Ra7 Ne6 32. a4 Rb3 33. Ke2
Ra3 34. g4 Bc3 35. a5 Bxa5 36. f5 Ng5 37. Rxc5 Ra2+ 38. Kf1 Ra1+ 39. Kg2 Ra2+
40. Kf1 Ra1+ 41. Kg2 Bb6 42. Rxa1 Bxc5 43. Kf2 Ne4+ 44. Kf3 Nd2+ 45. Ke2 Ne4 46.
Kf3 Ng5+ 47. Ke2 Kf6 48. Ra6+ Bd6 49. Ra5 h6 50. Ra8 Nf7 51. Kf3 Bc7 52. Ra6+
Bd6 53. Ra8 Kg5 54. Rg8+ Kh4 55. Kg2 Ne5 56. Ra8 Kxg4 57. e4 Kf4 58. Ra6 Nf7 59.
Ra8 Kxe4 60. Rf8 Ng5 61. f6 e6 62. Re8 Kf5 63. Rh8 Nf7 64. Ra8 Kxf6 65. Kf3 h5
66. Ra4 Ne5+ 67. Kg2 Kf5 68. Kh3 Ng6 69. Ra1 e5 70. Rf1+ Nf4+ 71. Kg3 e4 72. Kf2
h4 73. Rh1 Bc5+ 74. Ke1 h3 75. Kf1 e3 76. Rh2 e2+ 77. Rxe2 Nxe2 78. Kxe2 h2 0-1

[Event "Hastings Masters 2025-26"]
[Site "Hastings ENG"]
[Date "2025.12.31"]
[Round "6.23"]
[White "Finn, Peter"]
[Black "Rastogi, Nayan Keats"]
[Result "1/2-1/2"]
[WhiteTitle "CM"]
[WhiteElo "2200"]
[BlackElo "1939"]
[WhiteFideId "432156"]
[BlackFideId "343407579"]
[EventDate "2025.12.28"]

1. d4 Nf6 2. Nf3 d5 3. g3 Bf5 4. c4 e6 5. Nc3 c6 6. Nh4 Be4 7. f3 Bg6 8. e4 dxe4
9. Nxg6 hxg6 10. fxe4 e5 11. d5 Bc5 12. Bg2 Na6 13. Bg5 Qb6 14. Qb3 Qxb3 15.
axb3 Nb4 16. Kd2 Nh7 17. Na4 Bd4 18. h4 f6 19. Rh3 Nf8 20. Bf4 exf4 21. gxf4
cxd5 22. exd5 f5 23. Nc3 Kd7 24. Nb5 Bc5 25. Kc3 g5 26. hxg5 Ng6 27. Rah1 Rxh3+
28. Bxh3 Rf8 29. Rf1 Na6 30. Nd4 Bxd4+ 31. Kxd4 b6 32. Ra1 Nc7 33. Rxa7 Nxf4 34.
Bf1 Re8 35. Bd3 g6 36. b4 b5 37. c5 Nxd3 38. Kxd3 Kd8 39. d6 Nd5 40. Ra8+ Kd7
41. c6+ Kxd6 42. Rxe8 Nxb4+ 43. Kc3 Nxc6 44. Rg8 Ne7 45. Rb8 Nd5+ 46. Kd4 Nf4
47. Rb6+ Ke7 48. b4 Ne6+ 49. Ke5 Nxg5 50. Rb7+ Ke8 51. Rxb5 Ne4 52. Rb7 g5 53.
Rb8+ Kd7 54. Kxf5 Kc7 55. Rg8 Nc3 56. Ke5 Na2 57. b5 Nc3 58. Rxg5 Nxb5 59. Kd5
Nc3+ 60. Kd4 Na4 61. Kc4 Nb6+ 62. Kb5 Nd7 63. Rg6 Ne5 64. Re6 Nd7 65. Rc6+ Kd8
66. Rh6 Kc7 67. Kc4 Nb6+ 68. Kc5 Nd7+ 69. Kd5 Nb6+ 70. Ke6 Kc6 71. Rh1 Kc5 72.
Rh5+ Kd4 73. Rh1 Nc4 74. Rd1+ Ke4 75. Rd8 Ne3 76. Rh8 Kd4 77. Rh3 Ke4 78. Rh4+
Kd3 79. Ke5 Nc4+ 80. Kd5 Ne3+ 81. Kc5 Kc3 82. Rd4 Nc2 83. Rd8 Ne3 84. Rd7 Nc2
85. Kd5 Nb4+ 86. Ke4 Kc4 87. Rc7+ Kb5 88. Rc1 Nc6 89. Kd5 Nb4+ 90. Kd6 Nd3 91.
Rc2 Nb4 92. Rc3 Kb6 93. Rc5 Na6 94. Rc1 Nb4 95. Rc8 Kb5 96. Rc5+ Kb6 97. Rh5 Na6
98. Rh8 Kb5 99. Rh7 Nb4 100. Rb7+ Kc4 101. Rxb4+ Kxb4 1/2-1/2

[Event "Hastings Masters 2025-26"]
[Site "Hastings ENG"]
[Date "2025.12.31"]
[Round "6.24"]
[White "Vaidyanathan, Adithya"]
[Black "Rubeck, Jonathan"]
[Result "1-0"]
[WhiteElo "2189"]
[BlackElo "1913"]
[WhiteFideId "495450"]
[BlackFideId "435678"]
[EventDate "2025.12.28"]

1. c4 Nf6 2. Nc3 g6 3. e4 d6 4. d4 Bg7 5. Nf3 O-O 6. h3 Nc6 7. Be3 Bd7 8. Be2
Re8 9. Qd2 e5 10. d5 Nb8 11. g4 a5 12. O-O-O Na6 13. Kb1 b6 14. Rdg1 Nc5 15. Qc2
a4 16. Nd2 Bc8 17. h4 Nfd7 18. h5 g5 19. h6 Bf6 20. Nf1 Nf8 21. Bxc5 bxc5 22.
Nxa4 Ng6 23. Nc3 Nf4 24. Ng3 Kh8 25. f3 Bd7 26. Kc1 Qe7 27. Qd2 Reb8 28. Bd1 Rb6
29. Bb3 Rab8 30. Rd1 Rb4 31. Nf1 Qe8 32. Ne3 Qc8 33. Qc2 Qd8 34. Rd2 Qe8 35. Kd1
R4b6 36. Ke1 Qc8 37. Kf2 Qe8 38. Qd1 Qc8 39. Kg3 Qd8 40. Rhh2 Qg8 41. Ba4 Bxa4
42. Nxa4 Ra6 43. b3 Bd8 44. Nf5 Qg6 45. Nc3 Qf6 46. Nb5 Rba8 47. a3 Ng6 48. Rh1
Nf4 49. Qc2 Ng6 50. Qc3 Nf4 51. Qe3 Ng6 52. Qd3 Nf4 53. Qc3 Ng6 54. Qb2 Nf4 55.
Rdd1 Ra5 56. Rh2 R5a6 57. Rdd2 Ra5 58. Qb1 R5a6 59. Ra2 Ra5 60. b4 Ra4 61. Qb3
Ng6 62. Nc3 R4a6 63. b5 Ra5 64. a4 Nh4 65. Qc2 R8a7 66. Qd2 Ra8 67. Qe3 Ng6 68.
Rh5 Nf4 69. Rh1 R8a7 70. Qd2 Ra8 71. Ra3 Ng6 72. Rh2 Nh4 73. Qe3 Ng6 74. Qc1 Nf4
75. Qc2 Ng6 76. Rh5 Nf4 77. Rh1 Ng6 78. Nd1 Nf4 79. Nde3 Ng6 80. Qd1 R8a7 81.
Rh2 Ra8 82. Kf2 Nf4 83. Nf1 Qg6 84. N1g3 Qg8 85. Ke3 Qe8 86. Qa1 Qd7 87. Nf1 Ng6
88. Nd2 Ne7 89. Ng3 Nc8 90. Nb3 R5a7 91. a5 c6 92. bxc6 Qc7 93. Rha2 Qb8 94. Qc3
Ne7 95. Ra4 Qc7 96. R2a3 Nc8 97. Nf5 Rb8 98. Kd3 Ra6 99. Kc2 Qa7 100. Nxd6 Qe7
101. Qxe5+ f6 102. Qxe7 Bxe7 103. Nxc8 Rxc8 104. Nd2 Bf8 105. Rb3 Bxh6 106. Rb6
Ra7 107. d6 Bf8 108. c7 Bxd6 109. Rxd6 Rcxc7 110. Rxf6 Kg7 111. Rf5 h6 112. Nb3
Rc6 113. Rxc5 1-0

[Event "Hastings Masters 2025-26"]
[Site "Hastings ENG"]
[Date "2025.12.31"]
[Round "6.25"]
[White "Kapechun, Mikhailo"]
[Black "Shankar, Yashwardhan"]
[Result "1-0"]
[WhiteElo "2184"]
[BlackElo "1886"]
[WhiteFideId "34147527"]
[BlackFideId "2411067"]
[EventDate "2025.12.28"]

1. e4 c6 2. d4 d5 3. e5 Bf5 4. h4 h5 5. Bd3 Bxd3 6. Qxd3 e6 7. Nf3 Qa5+ 8. Nbd2
Qa6 9. c4 Ne7 10. b3 Nd7 11. O-O g6 12. a4 Nf5 13. Qc3 Be7 14. g3 c5 15. dxc5
Bxc5 16. Kg2 dxc4 17. b4 Be7 18. b5 Qb6 19. Nxc4 Qc7 20. Bb2 Nb6 21. Rfc1 O-O
22. Qb3 Nxc4 23. Rxc4 Qb8 24. Rac1 Bd8 25. Nd2 b6 26. Qf3 Be7 27. Qc6 Rc8 1-0

[Event "Hastings Masters 2025-26"]
[Site "Hastings ENG"]
[Date "2025.12.31"]
[Round "6.26"]
[White "Rayner, Francis"]
[Black "Zhang, Junyi"]
[Result "0-1"]
[BlackTitle "CM"]
[WhiteElo "1983"]
[BlackElo "2172"]
[WhiteFideId "1800132"]
[BlackFideId "494437"]
[EventDate "2025.12.28"]

1. c4 Nf6 2. Nf3 e6 3. g3 d5 4. Bg2 dxc4 5. Qa4+ Bd7 6. Qxc4 c5 7. Ne5 Qc8 8.
Nxd7 Qxd7 9. d3 Nc6 10. Be3 Rc8 11. Nd2 Be7 12. Nb3 b6 13. O-O O-O 14. Rfd1 Nd5
15. Bd2 Bf6 16. Rab1 Nd4 17. Nxd4 cxd4 18. Qb3 Nc3 19. bxc3 dxc3 20. Bxc3 Rxc3
21. Qb4 Rc2 22. Rd2 Rfc8 23. Rxc2 Rxc2 24. Qe4 Rxa2 25. Rc1 g6 26. Qa8+ Kg7 27.
Rc8 Ra1+ 28. Bf1 Kh6 29. Rc4 Qd8 30. Qb7 Qd5 31. Qxd5 exd5 32. Rc7 Kg7 33. Rd7
a5 34. Rxd5 a4 35. Rb5 Bd4 36. e3 a3 37. exd4 a2 0-1

[Event "Hastings Masters 2025-26"]
[Site "Hastings ENG"]
[Date "2025.12.31"]
[Round "6.27"]
[White "Kim, Changhoon"]
[Black "Janse, Jan Jaap"]
[Result "1/2-1/2"]
[WhiteTitle "CM"]
[WhiteElo "1874"]
[BlackElo "2170"]
[WhiteFideId "34117234"]
[BlackFideId "1010344"]
[EventDate "2025.12.28"]

1. d4 d5 2. c4 Nc6 3. Nc3 e5 4. cxd5 Nxd4 5. e3 Nf5 6. Nf3 Bd6 7. e4 Nfe7 8.
Bb5+ Bd7 9. Qb3 Nf6 10. Bg5 O-O 11. Nd2 Bxb5 12. Nxb5 Ng6 13. f3 Bc5 14. Be3
Bxe3 15. Qxe3 c6 16. dxc6 Nf4 17. O-O bxc6 18. Na3 Rb8 19. Nac4 Qc7 20. Nb3 Rfd8
21. Rfd1 Nd7 22. Kh1 Nb6 23. Qc3 Rxd1+ 24. Rxd1 Rd8 25. Rxd8+ Qxd8 26. Qd2 Qxd2
27. Nbxd2 Nd3 28. Kg1 f6 29. b3 Kf7 30. a4 Nxc4 31. Nxc4 Ke6 32. Kf1 Nc5 33. Nd2
Kd6 34. Ke2 Ne6 35. g3 Kc5 36. Ke3 g5 37. Nc4 Nd4 38. f4 exf4+ 39. gxf4 gxf4+
40. Kxf4 Nxb3 41. Ne3 Kb4 42. Ng4 Kxa4 43. Nxf6 Kb4 44. e5 Nd4 45. Ke4 Kc3 46.
Ke3 Ne6 47. Ne4+ Kc4 48. h4 a5 49. Nd2+ Kd5 50. Nf3 Nc5 51. Kd2 a4 52. Kc3 h6
53. Kb4 Nd3+ 54. Kxa4 Nxe5 55. Nd2 c5 56. Kb3 Kd4 57. Kc2 c4 58. Nf1 Ke4 59. Kc3
Kd5 60. Ne3+ Kc5 61. Nf5 Ng4 62. Ne7 Ne3 63. Ng6 Nd5+ 64. Kc2 Kd4 65. Nf8 Nb4+
66. Kd1 c3 67. Ne6+ Kc4 68. h5 Kb3 69. Nc5+ Kc4 70. Ne6 Nc6 71. Nf4 Kb3 72. Nd3
Kc4 73. Nf4 Nb4 74. Ne6 Nd5 75. Kc2 Nb4+ 76. Kd1 Kd3 77. Nc5+ Ke3 78. Ne6 c2+
79. Kc1 Ke4 80. Kd2 Kd5 81. Ng5 Kc4 82. Ne4 Kb3 83. Nc5+ Kb2 84. Na4+ Kb3 85.
Nc5+ Kb2 86. Na4+ Ka2 87. Kc1 Kb3 88. Nc5+ Kc4 89. Na4 Kd4 90. Kd2 Ke5 91. Nc5
Kf5 92. Nb3 Kg5 93. Kc3 Nd5+ 94. Kxc2 Kxh5 95. Kd2 Kg4 96. Ke2 Kg3 97. Nd4 Kg2
98. Nf5 h5 99. Nh4+ Kg3 100. Ng6 1/2-1/2

[Event "Hastings Masters 2025-26"]
[Site "Hastings ENG"]
[Date "2025.12.31"]
[Round "6.28"]
[White "Blanquet, Camille"]
[Black "Freeman, Luke"]
[Result "1-0"]
[WhiteTitle "WFM"]
[WhiteElo "2132"]
[BlackElo "1867"]
[WhiteFideId "36037354"]
[BlackFideId "343411959"]
[EventDate "2025.12.28"]

1. d4 Nf6 2. c4 g6 3. Nc3 d5 4. Nf3 Bg7 5. Bg5 c6 6. cxd5 cxd5 7. e3 h6 8. Bh4
O-O 9. Bd3 Nc6 10. O-O g5 11. Bg3 Bg4 12. Rc1 e6 13. Qb3 Bxf3 14. gxf3 Qe7 15.
Nb5 Rfd8 16. Nc7 Rab8 17. Rxc6 bxc6 18. Nxd5 cxd5 19. Bxb8 g4 20. fxg4 Nxg4 21.
Bg3 h5 22. Qd1 e5 23. h3 h4 24. Bxh4 Qxh4 25. Qxg4 Qxg4+ 26. hxg4 exd4 27. exd4
Bxd4 28. b3 Bb6 29. Rc1 Rd6 30. Kg2 Kg7 31. Bf5 d4 32. Bd3 Ba5 33. Rc5 Bb6 34.
Rc8 Rd7 35. b4 Rc7 36. Rxc7 Bxc7 37. Kf3 Bd6 38. a3 Bh2 39. Ke4 Bg1 40. f3 Be3
41. b5 Kf6 42. Kd5 Ke7 43. Kc6 Bc1 44. a4 Ba3 45. a5 Bb4 46. b6 axb6 47. a6 1-0

[Event "Hastings Masters 2025-26"]
[Site "Hastings ENG"]
[Date "2025.12.31"]
[Round "6.29"]
[White "Brown, Thomas"]
[Black "Hu, Junyan"]
[Result "1-0"]
[WhiteElo "2082"]
[BlackElo "1862"]
[WhiteFideId "1801430"]
[BlackFideId "343401260"]
[EventDate "2025.12.28"]

1. d4 Nf6 2. c4 e6 3. Nc3 Bb4 4. a3 Bxc3+ 5. bxc3 c5 6. f3 Nc6 7. e4 d6 8. Ne2
b6 9. Ng3 Na5 10. Bd3 O-O 11. Bg5 h6 12. Be3 Ba6 13. Qe2 Qc7 14. Rc1 Rfd8 15.
O-O Qd7 16. f4 Qa4 17. e5 Ne8 18. f5 dxe5 19. fxe6 fxe6 20. Qh5 Nf6 21. Rxf6 Qe8
22. Bg6 Qd7 23. Bf7+ Kf8 24. Bxe6+ gxf6 25. Bxh6+ Ke7 26. Qf7+ Kd6 27. dxe5+ Kc7
28. Bxd7 Rxd7 29. Qxf6 Bxc4 30. e6 Bxe6 31. Qxe6 Rad8 32. Bg5 1-0

[Event "Hastings Masters 2025-26"]
[Site "Hastings ENG"]
[Date "2025.12.31"]
[Round "6.30"]
[White "Oh, Sejun"]
[Black "Clarke, Connor"]
[Result "0-1"]
[WhiteElo "1695"]
[BlackElo "2058"]
[WhiteFideId "13216112"]
[BlackFideId "457655"]
[EventDate "2025.12.28"]

1. d4 d5 2. c4 dxc4 3. e3 Nf6 4. Bxc4 e6 5. Nc3 a6 6. a4 c5 7. Nf3 Nc6 8. O-O
cxd4 9. exd4 Be7 10. Bf4 Nb4 11. Ne5 Nbd5 12. Bg3 O-O 13. Re1 Bb4 14. Qb3 Qa5
15. Rec1 Bxc3 16. bxc3 Ne4 17. Bxd5 exd5 18. Qb4 Qd8 19. Bf4 Re8 20. f3 Nd6 21.
Nc6 bxc6 22. Qxd6 Qxd6 23. Bxd6 Bf5 24. Re1 Red8 25. Bc5 Rab8 26. a5 Rb3 27. Bb4
h5 28. Re5 g6 29. Rae1 Be6 30. R1e2 Rb8 31. Kf2 Kg7 32. Rd2 Kf6 33. Ree2 Rb5 34.
Rb2 Rxb2 35. Rxb2 Bf5 36. Re2 Be6 37. Rb2 g5 38. Ke3 Kg6 39. f4 g4 40. Kf2 Bf5
41. Re2 Be4 42. Rb2 Kf5 43. g3 Bf3 44. Rb1 Rb8 45. Re1 Be4 46. Re2 f6 47. Re3
Rh8 48. Bd6 Rh7 49. Kg1 h4 50. gxh4 Rxh4 51. Rg3 Rh7 52. Re3 Rd7 53. Bb8 Rb7 54.
Bd6 Rb1+ 55. Kf2 Rh1 56. Kg3 Rg1+ 57. Kh4 Rg2 58. h3 Rh2 59. Bc7 Bf3 60. Kg3
Rxh3+ 61. Kf2 Rh2+ 62. Kg1 Rc2 63. Bd6 Be4 64. Bc7 Rg2+ 65. Kf1 Ra2 66. Kg1 Ra1+
67. Kf2 Ra3 68. Kg1 c5 69. Bd6 cxd4 70. Bxa3 dxe3 71. Bd6 g3 72. Kf1 Bd3+ 73.
Kg1 e2 74. Kg2 e1=Q 75. Kh3 Qg1 0-1

[Event "Hastings Masters 2025-26"]
[Site "Hastings ENG"]
[Date "2025.12.31"]
[Round "6.31"]
[White "Barbu, Simon-Alexandru"]
[Black "Siddharth, Gopakumar"]
[Result "0-1"]
[WhiteElo "2051"]
[BlackElo "1864"]
[WhiteFideId "1257170"]
[BlackFideId "5053463"]
[EventDate "2025.12.28"]

1. e4 c5 2. Nc3 d6 3. f4 g6 4. Nf3 Bg7 5. Bc4 Nc6 6. O-O e6 7. d4 cxd4 8. Nb5 a6
9. Nbxd4 Nxd4 10. Nxd4 Nf6 11. e5 dxe5 12. fxe5 Nd5 13. Nf3 O-O 14. Qe2 h6 15.
a4 Bd7 16. Bxd5 exd5 17. Nd4 Qc7 18. Bf4 Rae8 19. Qf2 g5 20. Bg3 Bxe5 21. Bxe5
Qxe5 22. Rae1 Qg7 23. c3 Re5 24. Rxe5 Qxe5 25. Qf6 Qxf6 26. Rxf6 Bxa4 27. Rxh6
f6 28. g3 Bd7 29. h4 gxh4 30. gxh4 Kg7 31. Rh5 f5 32. Nf3 Kg6 33. Rg5+ Kf6 34.
Kf2 Rh8 35. Kg3 Be8 36. Kf4 Bg6 37. Rg1 Re8 38. Rg5 Rh8 39. Rg1 Bh5 40. Nd4 Re8
41. Rf1 Bg4 42. Rh1 Re4+ 43. Kg3 Kg6 44. Rh2 Kh5 45. Rf2 Kg6 46. Rh2 Kf6 47. h5
Kg5 48. h6 f4+ 49. Kf2 Re8 50. h7 Rh8 51. Nf3+ Kf6 52. Rh4 Bf5 53. Rxf4 Rxh7 54.
Nd4 Rh5 55. Ke3 Rh3+ 56. Kd2 Rh2+ 57. Ke3 Rh3+ 58. Kd2 Rh5 59. Ke3 b6 60. Nf3
Ke7 61. Kd4 Be4 62. Ne5 Rh2 63. b4 Ke6 64. Nf3 Rg2 65. Rf8 Rg3 66. Ne5 Rg1 67.
Re8+ Kd6 68. Rd8+ Ke7 69. Rb8 Rd1+ 70. Ke3 Kd6 71. Rd8+ 0-1

[Event "Hastings Masters 2025-26"]
[Site "Hastings ENG"]
[Date "2025.12.31"]
[Round "6.32"]
[White "Patel, Zain"]
[Black "Eldridge, Albert"]
[Result "1/2-1/2"]
[WhiteElo "2058"]
[BlackElo "1781"]
[WhiteFideId "469246"]
[BlackFideId "343438857"]
[EventDate "2025.12.28"]

1. Nf3 d5 2. b3 Nf6 3. Bb2 e6 4. e3 Be7 5. d4 b6 6. Bd3 Bb7 7. O-O O-O 8. Nbd2
a5 9. Qe2 Nbd7 10. e4 dxe4 11. Nxe4 Nxe4 12. Bxe4 Bxe4 13. Qxe4 Nf6 14. Qe2 c6
15. c4 Qc7 16. Rac1 Qb7 17. Rfd1 Rfd8 18. Ne5 a4 19. Qf3 Rac8 20. Bc3 axb3 21.
axb3 Bd6 22. h4 Qc7 23. Nd3 Qb8 24. Re1 Nd7 25. Bb2 b5 26. c5 Bf8 27. Nb4 Qb7
28. Ra1 Nf6 29. Ra2 Nd5 30. Rea1 Ra8 31. Nxd5 exd5 32. b4 1/2-1/2

[Event "Hastings Masters 2025-26"]
[Site "Hastings ENG"]
[Date "2025.12.31"]
[Round "6.33"]
[White "Mazur, Stefan"]
[Black "Ashton, Alannah"]
[Result "1-0"]
[WhiteTitle "IM"]
[BlackTitle "WCM"]
[WhiteElo "2392"]
[BlackElo "1983"]
[WhiteFideId "14909332"]
[BlackFideId "480681"]
[EventDate "2025.12.28"]

1. e4 c5 2. Nf3 d6 3. d4 cxd4 4. Nxd4 Nf6 5. Nc3 Nc6 6. Nxc6 bxc6 7. e5 Nd7 8.
exd6 exd6 9. Bf4 Nf6 10. Bd3 d5 11. O-O Be7 12. Ne2 Bg4 13. Qd2 O-O 14. Nd4 Qc8
15. Rfe1 Re8 16. Qa5 c5 17. Ba6 Bd8 18. Rxe8+ Nxe8 19. Bxc8 Bxa5 20. Bb7 Bc7 21.
Bxc7 Nxc7 22. Bxa8 cxd4 23. Bc6 Bf5 24. Rd1 Ne6 25. Rd2 Nc7 26. Rxd4 Bxc2 27.
Bxd5 Kf8 28. Rc4 Nxd5 29. Rxc2 Ke7 30. Rc5 Kd6 31. Ra5 g6 32. Rxa7 Nc7 33. Rxc7
Kxc7 34. f4 h5 35. Kf2 Kd6 36. Ke3 Kc5 37. Ke4 1-0

[Event "Hastings Masters 2025-26"]
[Site "Hastings ENG"]
[Date "2025.12.31"]
[Round "6.34"]
[White "Dewangan, Aayush"]
[Black "Yoon, Jacob D"]
[Result "0-1"]
[BlackTitle "CM"]
[WhiteElo "1981"]
[BlackElo "2165"]
[WhiteFideId "469700"]
[BlackFideId "446076"]
[EventDate "2025.12.28"]

1. e4 c5 2. Nf3 d6 3. d4 cxd4 4. Nxd4 Nf6 5. Nc3 Nc6 6. Bg5 e6 7. Qd2 a6 8. f4
h6 9. Bh4 Nxe4 10. Nxe4 Qxh4+ 11. g3 Qd8 12. O-O-O d5 13. Nf2 Be7 14. Bh3 O-O
15. Nf3 Qb6 16. Ng4 e5 17. f5 e4 18. Nxh6+ gxh6 19. Qxh6 Qd8 20. Qh5 exf3 21.
Rxd5 Bg5+ 22. Kb1 Qf6 23. Rd6 Qg7 24. Qxf3 f6 25. Bf1 Ne5 26. Qd5+ Qf7 27. Qc5
Bxf5 28. Qf2 Be4 29. Bg2 Bxg2 30. Qxg2 Rfd8 31. Rhd1 Rxd6 32. Rxd6 Nc4 33. Rd3
Re8 34. Qg1 Nd2+ 35. Ka1 Qe6 0-1

[Event "Hastings Masters 2025-26"]
[Site "Hastings ENG"]
[Date "2025.12.31"]
[Round "6.35"]
[White "Turner, Lewis A"]
[Black "White, Stuart A"]
[Result "0-1"]
[WhiteElo "1945"]
[BlackElo "2072"]
[WhiteFideId "412600"]
[BlackFideId "407747"]
[EventDate "2025.12.28"]

1. e4 c5 2. Nf3 d6 3. d4 cxd4 4. Nxd4 Nf6 5. Nc3 a6 6. f3 e5 7. Nb3 Be6 8. Be3
h5 9. Be2 Nbd7 10. Nd5 Bxd5 11. exd5 g6 12. Qd2 Bg7 13. O-O b6 14. c4 O-O 15.
Rac1 a5 16. Na1 e4 17. f4 Ng4 18. Bxg4 hxg4 19. Nb3 f5 20. Nd4 Nc5 21. Ne6 Nxe6
22. dxe6 Qe7 23. Rfd1 Qxe6 24. Qxd6 Rf6 25. Qc7 Qc8 26. Bxb6 Rc6 27. Rd8+ Qxd8
28. Qxd8+ Rxd8 29. Bxd8 Bxb2 30. Rc2 Bd4+ 31. Kf1 a4 32. Be7 Kf7 33. Bb4 Ke6 34.
g3 Rb6 35. a3 Rc6 36. Ke2 Bf6 37. Ke3 Rc7 38. c5 Kd5 39. Rd2+ Kc4 40. Rd6 Bc3
41. Ra6 Bd4+ 42. Ke2 Bxc5 43. Rxa4 Kb3 44. Ra6 Bg1 45. Rxg6 Bxh2 46. Rf6 Rc2+
47. Kd1 e3 48. Re6 Bg1 49. Re7 Rg2 50. Re5 Kc4 51. Be1 Ra2 52. Rxf5 Bf2 53. Bb4
e2+ 54. Kc1 Be3+ 55. Kb1 Kb3 56. Rb5 Rb2+ 57. Ka1 Kc2 58. Re5 Rb3 59. Ka2 Rb2+
60. Ka1 Rb3 61. Ka2 Rd3 62. f5 Kd1 63. f6 Bd2 64. f7 Bxb4 65. axb4 Rf3 0-1

[Event "Hastings Masters 2025-26"]
[Site "Hastings ENG"]
[Date "2025.12.31"]
[Round "6.36"]
[White "Norinkeviciute, Rasa"]
[Black "Rida, Ruqayyah"]
[Result "1/2-1/2"]
[WhiteTitle "WFM"]
[BlackTitle "WFM"]
[WhiteElo "1904"]
[BlackElo "2068"]
[WhiteFideId "12801925"]
[BlackFideId "343272375"]
[EventDate "2025.12.28"]

1. e4 e5 2. Nf3 Nc6 3. Bb5 a6 4. Ba4 Nf6 5. O-O b5 6. Bb3 Bc5 7. d3 d6 8. c3 O-O
9. h3 h6 10. Re1 Bb6 11. Nbd2 Be6 12. Nf1 Qd7 13. Ne3 Rae8 14. a4 Rd8 15. axb5
axb5 16. Nd5 Bxd5 17. Bxd5 Nxd5 18. exd5 Ne7 19. Qb3 Rb8 20. Be3 b4 21. c4 c6
22. dxc6 Nxc6 23. Bxb6 Rxb6 24. Rad1 Rc8 25. Ra1 Rbb8 26. Ra6 Nd8 27. Rea1 Ne6
28. Ra7 Rb7 29. Qa2 b3 30. Qa6 Rxa7 31. Qxa7 Qxa7 32. Rxa7 Nc5 33. d4 Nd3 34.
dxe5 dxe5 35. Rb7 Nxb2 36. Nxe5 Nxc4 37. Nxc4 Rxc4 38. Rxb3 1/2-1/2

[Event "Hastings Masters 2025-26"]
[Site "Hastings ENG"]
[Date "2025.12.31"]
[Round "6.37"]
[White "Napolitano, Domenico"]
[Black "Tudoroiu, Razvan-Catalin"]
[Result "0-1"]
[WhiteElo "1863"]
[BlackElo "2063"]
[WhiteFideId "456993"]
[BlackFideId "1281100"]
[EventDate "2025.12.28"]

1. e4 e5 2. Nc3 Nc6 3. f4 exf4 4. Nf3 g5 5. g3 Bg7 6. d4 d6 7. d5 Ne5 8. Bb5+
Kf8 9. gxf4 gxf4 10. Bxf4 Bg4 11. Bxe5 Bxe5 12. O-O Bxf3 13. Qxf3 Qg5+ 14. Kh1
Nf6 15. Rg1 Qh4 16. Rg2 Ke7 17. Bd3 Rhg8 18. Rf1 Rxg2 19. Qxg2 Rg8 20. Qf2 Qh3
21. Nd1 Bd4 22. Qe2 Nh5 0-1